Die Geschichte des Schiffbruchigen /

Saved in:

Main Author: Goedicke, Hans (Author)

Format: Book

Language: German

Published: Wiesbaden : O. Harrassowitz, 1974.

Series: Agyptologische Abhandlungen ; 30.
AA ; 30.

Subjects:

Tags: Add Tag

No Tags, Be the first to tag this record!

Call Number: DT57 .A31 v.30 DLIR

LEADER 00744namaa2200265 4500
001 1547
003 OSt
005 20260330132737.0
008 130303s1974 gw b 001 1 ger d
020 |a 3447015918 
035 |a tmp00552578 
040 |c ARCE Library 
050 4 |a DT57 .A31 v.30 
099 |a DLIR 
100 1 |a Goedicke, Hans,  |e author  |9 30860 
245 1 4 |a Die Geschichte des Schiffbruchigen /  |c von Hans Goedicke. 
264 1 |a Wiesbaden :   |b O. Harrassowitz,   |c 1974. 
300 |a x, 92 pages ;  |c 25 cm. 
490 0 |a Agyptologische Abhandlungen ;   |v 30. 
490 0 |a AA ;   |v 30. 
504 |a Includes bibliographical references and index. 
630 0 0 |a Shipwrecked sailor. 
901 |a reviewed 
942 |c BK  |2 lcc 
999 |c 2506  |d 2506